000 00402nam a22001697a 4500
005 20160526122300.0
008 160526b xxu||||| |||| 00| 0 eng d
020 _a81-7929-079-4
041 _aeng
082 _b5201
100 _aTurner, R.J. Rodney
_91304
245 _aProject Management
260 _aNew Delhi
_bAcademic Faundation
300 _a830
650 _aManagement
_9241
942 _cBK
999 _c1827
_d1826